<?xml version="1.0" encoding="UTF-8"?>
<record
    xmlns:xsi="http://www.w3.org/2001/XMLSchema-instance"
    xsi:schemaLocation="http://www.loc.gov/MARC21/slim http://www.loc.gov/standards/marcxml/schema/MARC21slim.xsd"
    xmlns="http://www.loc.gov/MARC21/slim">

  <leader>01062nam a2200265   4500</leader>
  <controlfield tag="005">20240530110355.0</controlfield>
  <controlfield tag="008">150106s2007    ua d   g |||| 000 0 ara d</controlfield>
  <datafield tag="017" ind1=" " ind2=" ">
    <subfield code="a">2475</subfield>
    <subfield code="b">&#x645;&#x635;&#x631; . &#x62F;&#x627;&#x631; &#x627;&#x644;&#x643;&#x62A;&#x628; &#x627;&#x644;&#x645;&#x635;&#x631;&#x64A;&#x629;</subfield>
  </datafield>
  <datafield tag="020" ind1=" " ind2=" ">
    <subfield code="a">977383073x</subfield>
  </datafield>
  <datafield tag="040" ind1=" " ind2=" ">
    <subfield code="a">EG-CaGPL</subfield>
  </datafield>
  <datafield tag="041" ind1="0" ind2=" ">
    <subfield code="a">ara</subfield>
  </datafield>
  <datafield tag="082" ind1="0" ind2="4">
    <subfield code="2">21</subfield>
    <subfield code="a">157.9\</subfield>
    <subfield code="b">&#x646; &#x623;</subfield>
  </datafield>
  <datafield tag="100" ind1="0" ind2=" ">
    <subfield code="a">&#x646;&#x634;&#x648;&#x629; &#x639;&#x628;&#x62F;&#x627;&#x644;&#x62A;&#x648;&#x627;&#x628; &#x62D;&#x633;&#x64A;&#x646;</subfield>
  </datafield>
  <datafield tag="245" ind1="1" ind2="2">
    <subfield code="a">&#x627;&#x644;&#x627;&#x633;&#x633; &#x627;&#x644;&#x646;&#x641;&#x633;&#x64A;&#x629; &#x627;&#x644;&#x639;&#x635;&#x628;&#x64A;&#x629; &#x644;&#x644;&#x648;&#x638;&#x627;&#x626;&#x641; &#x627;&#x644;&#x62A;&#x646;&#x641;&#x64A;&#x630;&#x64A;&#x629; :</subfield>
    <subfield code="b">&#x62A;&#x637;&#x628;&#x64A;&#x642;&#x627;&#x62A; &#x639;&#x644;&#x649; &#x628;&#x639;&#x636; &#x627;&#x644;&#x627;&#x636;&#x637;&#x631;&#x627;&#x628;&#x627;&#x62A; &#x639;&#x646;&#x62F; &#x643;&#x628;&#x627;&#x631; &#x627;&#x644;&#x633;&#x646; /</subfield>
    <subfield code="c">&#x646;&#x634;&#x648;&#x629; &#x639;&#x628;&#x62F;&#x627;&#x644;&#x62A;&#x648;&#x627;&#x628; &#x62D;&#x633;&#x64A;&#x646;</subfield>
  </datafield>
  <datafield tag="250" ind1=" " ind2=" ">
    <subfield code="a">&#x637;1</subfield>
  </datafield>
  <datafield tag="260" ind1=" " ind2=" ">
    <subfield code="a">&#x627;&#x644;&#x642;&#x627;&#x647;&#x631;&#x629; :</subfield>
    <subfield code="b">&#x627;&#x64A;&#x62A;&#x631;&#x627;&#x643; &#x644;&#x644;&#x646;&#x634;&#x631; &#x648;&#x627;&#x644;&#x62A;&#x648;&#x632;&#x64A;&#x639; &#x60C;</subfield>
    <subfield code="c">2007</subfield>
  </datafield>
  <datafield tag="300" ind1=" " ind2=" ">
    <subfield code="a">243 &#x635; &#x61B;</subfield>
    <subfield code="c">24 &#x633;&#x645;</subfield>
  </datafield>
  <datafield tag="490" ind1="0" ind2=" ">
    <subfield code="a">&#x633;&#x644;&#x633;&#x644;&#x629; &#x639;&#x644;&#x645; &#x627;&#x644;&#x646;&#x641;&#x633; &#x627;&#x644;&#x627;&#x643;&#x644;&#x64A;&#x646;&#x64A;&#x643;&#x649; &#x627;&#x644;&#x645;&#x639;&#x627;&#x635;&#x631; </subfield>
  </datafield>
  <datafield tag="504" ind1=" " ind2=" ">
    <subfield code="a">&#x628;&#x628;&#x644;&#x64A;&#x648;&#x62C;&#x631;&#x627;&#x641;&#x64A;&#x629; : &#x635; 224 - 236</subfield>
  </datafield>
  <datafield tag="650" ind1="0" ind2="4">
    <subfield code="a">&#x627;&#x644;&#x648;&#x638;&#x627;&#x626;&#x641; &#x627;&#x644;&#x62A;&#x646;&#x641;&#x64A;&#x630;&#x64A;&#x629;</subfield>
  </datafield>
  <datafield tag="650" ind1="0" ind2="4">
    <subfield code="a">&#x627;&#x644;&#x645;&#x633;&#x646;&#x648;&#x646;</subfield>
    <subfield code="x">&#x648;&#x638;&#x627;&#x626;&#x641;</subfield>
  </datafield>
  <datafield tag="650" ind1="0" ind2="4">
    <subfield code="a">&#x627;&#x644;&#x628;&#x644;&#x627;&#x647;&#x629;</subfield>
    <subfield code="x">&#x627;&#x644;&#x645;&#x633;&#x646;&#x648;&#x646;</subfield>
  </datafield>
  <datafield tag="942" ind1=" " ind2=" ">
    <subfield code="2">ddc</subfield>
    <subfield code="c">BK</subfield>
  </datafield>
  <datafield tag="999" ind1=" " ind2=" ">
    <subfield code="c">60150</subfield>
    <subfield code="d">60150</subfield>
  </datafield>
  <datafield tag="952" ind1=" " ind2=" ">
    <subfield code="0">0</subfield>
    <subfield code="1">0</subfield>
    <subfield code="4">0</subfield>
    <subfield code="7">0</subfield>
    <subfield code="a">CAI</subfield>
    <subfield code="b">CAI</subfield>
    <subfield code="d">2015-01-06</subfield>
    <subfield code="l">0</subfield>
    <subfield code="o">157.9\ &#x646; &#x623;</subfield>
    <subfield code="p">159146</subfield>
    <subfield code="r">2015-01-06 00:00:00</subfield>
    <subfield code="w">2015-01-06</subfield>
    <subfield code="y">BK</subfield>
  </datafield>
</record>
